Creativity.

সংরক্ষণ করুন:
গ্রন্থ-পঞ্জীর বিবরন
প্রধান লেখক: Hawkins, Harriet (Author)
বিন্যাস: অজ্ঞাত
প্রকাশিত: Abingdon, Oxon, UK; New York, USA: Routledge, 2017.
মালা:Key Ideas in Geography.
বিষয়গুলি:
ট্যাগগুলো: ট্যাগ যুক্ত করুন
কোনো ট্যাগ নেই, প্রথমজন হিসাবে ট্যাগ করুন!

MARC

LEADER 00000 a2200000 4500
003 CL-VaPUC
005 20240313161048.0
008 240304t2017 ||||| |||| 00| 0 eng d
999 |c 443066  |d 443064 
020 |a 978-1138813441 
040 |c Pontificia Universidad Católica de Valparaíso 
082 7 |a 153.3 HAW 2017  |2 22 
100 |a Hawkins, Harriet  |9 887423  |e author 
245 |a Creativity. 
260 |a Abingdon, Oxon, UK;  |a New York, USA:  |b Routledge,   |c 2017. 
300 |a XIII, 394 páginas.  
490 |a Key Ideas in Geography.  
583 |k GC  |c 20240304 
650 |a Habilidad creativa  |x Aspectos sociales  |9 887483 
650 |a Creación (Literaria, artística, etc.)  |x Aspectos sociales  |9 887484 
650 |a Geografía cultural  |9 340317 
942 |2 ddc  |c BK 
952 |0 0  |1 0  |2 ddc  |4 0  |6 153_300000000000000_HAW_2017  |7 0  |8 A  |9 593498  |a BIBING  |b BIBING  |c GEN  |d 2024-03-01  |e 1  |g 76848.00  |i 5660236  |o 153.3 HAW 2017  |p 5660236  |r 2025-01-20  |t 1  |v 76848.00  |w 2024-03-01  |y BK  |k MEG